000 01780cam a22004694i 4500
003 PE-LiUPU
005 20250731184542.0
008 150623s r 000 0 d
020 _a0631162941
035 _a(Sirsi) i9780631162940
040 _aPE-LiUPU
_bspa
_cPE-LiUPU
_erda
049 _aPRUA
082 0 4 _a909.82
_bH22
_221
100 1 _aHarvey, David,
_d1935-,
_eautor.
245 1 4 _aThe condition of posmodernity :
_ban enquiry into the origins of cultural change /
_cDavid Harvey.
264 1 _aCambrifge, MA :
_bBlackwell Publishers,
_c1990.
300 _a378 páginas :
_bilustraciones fotos, gráfs ;
_c23 centímetros
336 _atext
_2rdacontent
337 _aunmediated
_2rdamedia
338 _avolume
_2rdacarrier
505 0 _aThe passage from modernity to postmodernity in contemporary culture. -The political-economic transformation of late twentieth-century capitalism. -The experience of space and time. -The condition of postmodernity. Espacio y tiempo Posmodernismo.
526 _aP136
526 _aP135
526 _aP134
526 _aP133
526 _aP144
526 _aP143
526 _aP87
526 _aP35
526 _aP20
526 _aP14
526 _aP10
526 _aP06
650 0 4 _aCapitalismo.
650 0 4 _aCivilización moderna
_y1950-.
942 _2ddc
_cBOOK
949 _a909.82 H22
_wDEWEY
_c1
_i51441
_lCCODEBUL1
_mBUL
_p29.00
_r0
_sY
_tBOOK
_u2015-6-24
_xTEOLOGIA
_PP35
_0COMPRA
_o.STAFF. Colección General
994 _aC0
_bPEPRU
596 _a1
999 _a909.82 H22
_wDEWEY
_c33161
_i51441
_f2021-11-11
_g5
_lCCODEBUL1
_mBUL
_p29.00
_r0
_sY
_tBOOK
_u2015-6-24
_xTEOLOGIA
_PP35
_0COMPRA
_o.STAFF. Colección General
_d33161
980 _81
_gALBERTO SANCHEZ Responsable de Automatización